The Geneva Papers on Risk and Insurance - Issues and Practice

Saved in:
Bibliographic Details
Format: Serial
Language:English
Published: London Palgrave Macmillan 2019
Tags: Add Tag
No Tags, Be the first to tag this record!

MARC

LEADER 00000nas2a2200000 4500
001 0288097
005 20240119092636.5
022 |a 1018-5895 
041 0 |a eng 
044 |a GB 
245 1 0 |a The Geneva Papers on Risk and Insurance - Issues and Practice 
264 1 |a London  |b Palgrave Macmillan  |c 2019 
773 0 |w eu_un_cat*0229590 
774 0 |w eu_un_cat*0298485